International facility management /

Bibliographic Details
Other Authors: Roper, Kathy O., Borello, Lisa J., 1977-
Format: eBook
Language:English
Published: Chichester : Wiley Blackwell, 2014.
Series:Innovation in the built environment
Subjects:
Online Access:Click to View
LEADER 02268nam a2200433 i 4500
001 EBC1562633
003 MiAaPQ
005 20200520144314.0
006 m o d |
007 cr cnu||||||||
008 130708s2014 enk ob 001 0 eng d
020 |z 9780470674000 
020 |a 9781118771631  |q (electronic bk.) 
035 |a (MiAaPQ)EBC1562633 
035 |a (Au-PeEL)EBL1562633 
035 |a (CaPaEBR)ebr10804829 
035 |a (CaONFJC)MIL567883 
035 |a (OCoLC)863824535 
040 |a MiAaPQ  |b eng  |e rda  |e pn  |c MiAaPQ  |d MiAaPQ 
050 4 |a TS177  |b .I57777 2014 
082 0 |a 658.2  |2 23 
245 0 0 |a International facility management /  |c [edited by] Kathy O. Roper and Lisa J. Borello. 
264 1 |a Chichester :  |b Wiley Blackwell,  |c 2014. 
300 |a 1 online resource (198 pages) 
336 |a text  |2 rdacontent 
337 |a computer  |2 rdamedia 
338 |a online resource  |2 rdacarrier 
490 0 |a Innovation in the built environment 
504 |a Includes bibliographical references and index. 
505 0 0 |t Facility management : changing global viewpoints and maturity / by Kathy O. Roper and Lisa J. Borello -- Competencies, credentials, education, and training / by Robert L. Barnes -- FM consultancy and client-provider relationships / by Kathy O. Roper -- Globalization of facility management / by Kathy O. Roper -- Sustainability and carbon reporting / by Chris Hodges -- Emergency preparedness and business continuity / by Robert Friedmann and Bob Hayes -- Changing workplace and distributed work / by Kathy O. Roper -- Measuring work / by Matthew Tucker -- Industry-specific needs / by Sarel Lavy -- Evolution and the future of FM / by Kathy O. Roper. 
588 |a Description based on online resource; title from PDF title page (ebrary, viewed December 12, 2013). 
590 |a Electronic reproduction. Ann Arbor, MI : ProQuest, 2015. Available via World Wide Web. Access may be limited to ProQuest affiliated libraries. 
650 0 |a Facility management. 
650 0 |a Building management. 
655 4 |a Electronic books. 
700 1 |a Roper, Kathy O. 
700 1 |a Borello, Lisa J.,  |d 1977- 
797 2 |a ProQuest (Firm) 
856 4 0 |u https://ebookcentral.proquest.com/lib/matrademy/detail.action?docID=1562633  |z Click to View